000 00824nam a2200241 i 4500
001 bg
100 1 _aSTĘPIŃSKI, Piotr
245 1 0 _aPrzestrajalne lasery półprzewodnikowe /
_cPiotr Stępiński.
260 _aWarszawa :
_bOficyna Wydawnicza PW,
_c2003.
300 _a88, [1] s. :
_bil. ;
_c24 cm.
490 1 _aPrace Naukowe. Fizyka / Politechnika Warszawska,
_x1643-6857 ;
_vz. 51
500 _aOpis wg okł. - W nagł. odmienny tyt. serii: Prace Naukowe Politechniki Warszawskiej. - Streszcz. ang.
504 _aBibliogr.
650 9 _aLasery
650 9 _aDiody
650 9 _aPółprzewodniki
_xurządzenia
830 0 _aPrace Naukowe. Fizyka (Politechnika Warszawska)
040 _cBPK
041 0 _apol
_beng
080 _a621.375.826:621.382
942 _cKS
008 s pl f |000 0 pol
999 _c44154
_d44154
856 _uhttp://koha.tu.koszalin.pl/cgi-bin/koha/opac-detail.pl?biblionumber=44154
_yKatalog online BPK